Macroeconomics : principles, problems, and policies/ (Record no. 1641)

MARC details
000 -LEADER
fixed length control field 01992nam a22002297a 4500
020 ## - INTERNATIONAL STANDARD BOOK NUMBER
ISBN 9780070092471
020 ## - INTERNATIONAL STANDARD BOOK NUMBER
ISBN 0070092471
050 ## - CALL NUMBER
Classification number HB172
Item number .M12
100 ## - AUTHOR
Personal name Campbell R McConnell
110 ## - AUTHOR
CORPORATE AUTHOR Stanley L Brue
245 ## - TITLE
Title Macroeconomics : principles, problems, and policies/
Statement of responsibility, etc Campbell R McConnell; Stanley L Brue; Sean Masaki Flynn
250 ## - EDITION
Edition statement 18. ed
260 ## - PUBLICATION INFORMATION
Place of publication Boston :
Name of publisher McGraw-Hill Irwin,
Year of publication 2009.
300 ## - DESCRIPTION
Number of Pages xxxi,486p.
Other physical details ill.
Dimensions 26cm.
440 ## - SERIES
SERIES The McGraw-Hill economics series
500 ## - NOTES
General note Includes index.
505 ## - FORMATTED CONTENTS NOTE
Table of Content Part 1: Introduction to Economics and the Economy Chapter 1: Limits, Alternatives, and Choices (+ Appendix) Chapter 2: The Market System and the Circular Flow Chapter 3: Demand, Supply and Market Equilibrium (+ Appendix) Chapter 4: The U.S. Economy: Private and Public Sectors Chapter 5: The United States in the Global Economy Part 2: Microeconomics of Product Markets Chapter 6: Elasticity, Consumer Surplus, and Producer Surplus Chapter 7: Consumer Behavior (+ Appendix) Chapter 8: The Costs of Production Chapter 9: Pure Competition Chapter 10: Pure Monopoly Chapter 11: Monopolistic Competition and Oligopoly (+ Appendix) Chapter 11W: Technology, R&D, and Efficiency Part 3: Microeconomics of Resource Markets Chapter 12: The Demand for Resources Chapter 13: Wage Determination (+ Appendix) Chapter 14: Rent, Interest, and Profit Chapter 15: Natural Resource and Energy Economics Part 4: Microeconomics of Government Chapter 16: Government and Market Failure Chapter 17: Public Choice Theory and the Economics of Taxation Part 5: Microeconomic Issues and Policies Chapter 18: Antitrust Policy and Regulation Chapter 19: Agriculture: Economics and Policy Chapter 20: Income Inequality, Discrimination, and Poverty Chapter 21: Health Care Chapter 22: Immigration Part 6: International Economics Chapter 23: International Trade<br/><br/>
650 ## - SUBJECTS
Topical Term Economics
700 ## - OTHER AUTHORS
Personal name Stanley L Brue
710 ## - OTHER AUTHORS
OTHER AUTHORS Sean Masaki Flynn
942 ## - ADDED ENTRY ELEMENTS (KOHA)
Koha item type Books
Holdings
Withdrawn status Lost status Collection code Home library Current library Shelving location Date acquired Full call number Accession Number Copy number Koha item type
    Reference Methodist University Library Main Methodist University Library Main General Stacks   HB172 .M12 39839 1 Books
Copyright © 2026  MUG Library